00337nam a2200109Ia 4500008004100000245008900041260004900130260000900179300001000188500001300198650001600211170224s9999 xx 000 0 und d aAre traits useful? Explaining trait manifestations as tools in the pursuit of goals. bJournal of Personality and Social Psychology c2016 a110:2 aFebruary xPsychology.